Cinta Nadim dan mimpi Bush
| Main Author: | |
|---|---|
| Format: | Book |
| Published: |
Selangor :
Pekan Ilmu Publications ,
2007
|
| Subjects: |
MARC
| LEADER | 00000cam a2200000 7i4500 | ||
|---|---|---|---|
| 001 | 0000024796 | ||
| 005 | 20090119.0 | ||
| 008 | 090119 | ||
| 020 | |a 9833385775 | ||
| 090 | 0 | 0 | |a SYE |b MAL |
| 100 | 0 | |a Syed Mahadzir Syed Ibrahim | |
| 245 | 1 | 0 | |a Cinta Nadim dan mimpi Bush |c Syed Mahadzir Syed Ibrahim |
| 260 | |a Selangor : |b Pekan Ilmu Publications , |c 2007 | ||
| 650 | 0 | |a Malay fiction | |
| 999 | |a 0001057757 |b Book |c Adult Collection |e Perbadanan Perpustakaan Awam Johor | ||
| 999 | |a 0001057759 |b Book |c Adult Collection |e Perbadanan Perpustakaan Awam Johor | ||